Z którego odcinka "Miodowych lat" pochodzą te słowa? 1 - Statystyki

Ogólne statystyki
  • Ten quiz został rozwiązany 342 razy
  • Średni wynik to 10 z 20
Statystyki odpowiedzi
Cytat Tytuł odcinka % Poprawnych
"Zataiłem konia z budzikiem w brzuchu i chudego śledzia..." Kto PIT-a, nie błądzi
100%
"Jagna? Córka Zycha?" Krzyżacy
93%
"A co to, ciocia Jadzia na parapecie siedzi?" Ciocia Jadzia
88%
"Za to oszustwo wzięła sześćdziesiąt złotych?!" Mordercy są wśród nas
86%
"Mam! 'Smaczny Krawczyk Marszałka'..." Pieskie życie
86%
"Radiowóz, furmanka, dorożka? Tadek, co te konie ciągną tak ciągle?" Pokerowa zagrywka
86%
"'Mniam, mniam, mniam'? To chyba jakiś kretyn wymyślił..." Gwiazda reklamy
83%
"Życie z nim jedną, miodową chwilą. Co dzień miłości mam dwieście kilo!" Męski ideał
83%
"Jakiś łysy facet biegnie z jakimś pudlem pod pod pachą..." Płyn na porost włosów
83%
"Karol, jest! [...] Nie, silnik!" Podwójne ubezpieczenie
83%
"Ale, że on jest zwykłym sąsiadem, to on jest tylko Sławek..." Wspólny wróg
83%
"Nie widziałam cię już od miesiąca. I nic. Jestem trochę bledsza, trochę śpiąca, trochę bardziej milcząca, lecz widać można żyć bez powietrza!..." Romeo z W(e)ronek
82%
"Jestem poetą. Jestem poetą, widzę pole. Po polu chodzi rolnik. A co robi rolnik? No, rolnik sieje. A co on sieje? No więc idąc za tokiem rozumowania mojego przyjaciela, Tadeusza Norka, on sieje bociany, prawda!? Bociany rosną sobie. Przychodzi wiosna - słońce grzeje. Bociany wzrastają - najpierw są zielone, potem bociany zakwitają! Potem przychodzi lato, prawda? Przychodzą żniwa! Rolnik wychodzi w pole, żeby kosić te bociany! Zastanawia się, kosząc te bociany, ile kwintali bocianów z hektara zbierze, prawda!?" Nowy hymn
81%
"Przepijemy naszej babci domek śliczny, domek śliczny, domek śliczny. i zrobimy z tego domu dom..." Walka płci
80%
"Ja tu mieszkam. I jestem jego asystentką..." Ciotka z Ameryki
78%
"Bilety kupiłem ja [...] telewizor był przypisany do biletu..." Krawczyk przeciwko Norkowi
78%
"Nazwiemy je Pamela i Marszałek. I Pamelę zjemy pierwszą" Mikołajki
78%
"Takie stare jest. Marcepan stary..." Jajeczko Fabergé
75%
"Nie gulaj grubasie, bo zadam ci boksa..." Karol "Bombowiec" Krawczyk
75%
"Norciu, a może chcesz kupić? [...] Bardzo fajna walizka..." Lewa forsa
75%
"Tak kochanie, zaraz to zrobię; Wiesz, zawsze mogło być gorzej; Tak kochanie, masz absolutną rację..." Język Ciała
73%
"Norek Tadeusz! To Legii jest Prometeusz!" Mecz derbowy
73%
"Biegnie, biegnie renifer [...] W co go grzeje? Gdzie go grzeje?" Pieśń strudzonego renifera
73%
"Noga mi nie podskakuje..." Wariackie papiery
73%
"A te panienki? Wiesz, że tam można jakoś wejść i oglądać jakieś panienki? [...] One się nazywają... flirtualne..." Lepsze życie.pl
71%
"Nacinam ciało mojej żony taką piłą mechaniczną [...] I wtedy, te rany co się jej wytworzą posypuję solą i pieprzem..." Przepraszam Cię
71%
"Opowiem ci o tych moich sukcesach [...] Ten sukces w tym roku zdał maturę, ten rozczochrany ma trzynaście lat, a ten najmłodszy sukcesik w przyszłym roku pójdzie do szkoły..." Zjazd absolwentów
71%
"Nasze żelazko prasuje płasko..." Awans
70%
" Odpowiedziałem, wiesz, że mam ochotę na schabowego z tłuczonymi kartoflami i koperkiem. No. I dopiero wtedy dali mi pierwsze miejsce" Safari
70%
"...Nie! Na filmie takim jednym por... 'Portret masażysty'..." Salon masażu
70%
"W tym domu, pianino jest równie potrzebne jak lodówka!" Kanalersi
69%
"Moje ty najukochańsze, już minęła cała doba od kiedy się pożegnaliśmy, a mnie się wciąż wydaje, że jesteś przy mnie. Nasz środowy wieczór minął tak szybko, chociaż dla mnie mógłby trwać wiecznie. Ale już wkrótce spełnią się nasze marzenia. Kocham cię, kocham cię, kocham cię. Twój zakochany po uszy Romeo" List miłosny
69%
"Chodzisz pan w biały dzień po piwnicy i straszysz ludzi swoim fletem!" Mysz
69%
"Według starochińskiej tradycji żywiołów jest pięć: woda, ogień, metal, ziemia i drewno" Wróżka
69%
"Karol Krawczyk naszym wodzem! [...] Wolska dla wolaków!" Partia
68%
"Dzień dobry piłko..." Golfista
67%
"Spać się chce. A głupio byłoby przespać..." Koniec świata
67%
"Och! Będę o nią dbał, jak o największy skarb. Bo innych skarbów nie mam. Mogę jej ofiarować tylko moją miłość. Nie mam ani willi, ani wielkiej posiadłości. Nie mam jachtu ani alfa romejo.." Magia sceny
67%
"Ja już ją znam piętnaście lat [...] Bo j-j-ją cyganie kiedyś porwali..." Mój braciszek Karol
67%
"Bracia sierżanci! Bohaterscy kołnierze..." Sierżant roku
67%
"Bo niepotrzebnie pytałeś, czy pani [...] ma zapłacić za bilet!" Trup w szafie
67%
"Nikt z dorosłych nie wymyśliłby tak odjazdowej historii [...] I pomyśleć, że to właśnie pan jest moim kumplem..." Idol
64%
"My tu mamy bardzo ważny romans!" Szefowa z kanałów
64%
"ŁUBUDU!" Smak wolności
63%
"...Ale byłby jeszcze bardziej genialny, gdybyś mi pozwolił, żebym ja sobie tego ducha czasami wypożyczył..." Egzorcysta
62%
"Mruczuś [...] talizman z dzieciństwa..." Medium
62%
"Raz, dwa, trzy! Wesołych świąt! Kurczę, Norek. Chyba dajemy sobie to samo..." Przed pierwszą gwiazdką
62%
"Najukochańsi Murzyni [...] Szanowny Murzynie [...] Jak mają do dyrektora Marszałka pisać? 'Szanowny Panie Murzynie'? [...] Do niego nikt nie napisze 'Szanowny Biały Murzynie'!..." List z Nigerii
61%
"Płynie mydło w płynie po polskiej krainie, po polskiej krainie. A dopóki płynie... Polska nie zaginie..." Copywriterzy
60%
"Ja jestem pani panem do cholery!" Robot kuchenny
60%
"Idiota, ach, idiota się po ekranie miota..." Kit Show
59%
"Góralu, czy ci nie żal? Góralu, wracaj do hal!" Baca
58%
"Pomysł personifikacji maszynki do mięsa!" Przybysz z kosmosu
58%
"... Ruskie pierogi. Ruskie pierogi? Kto mi tu ruskie pierogi...No, ruskie pierogi..." Business lunch
57%
"A pizza bidulka na nic nie jest dobra..." Niespodzianka urodzinowa
57%
"Murka, muuurka..." Lunatyk
56%
"Muszę panią prosić o okazanie dokumentu tożsamości, zanim panią wpuszczę..." Ochroniarze
56%
"Ja kiedyś pojechałem przez pana aż do Chałup? [...] Cały czas lało i nie widziałem ani jednego golasa..." Zbyszek
56%
"Ja nie jestem [...] proszę pana!" Bjorn Bergenstrup
55%
"Kochałem cię nad brzegiem rzeki, kochałem brodząc po dnie. Kochałem ach, przez całe wieki, choć było niewygodnie..." Kuzguwu Boski Dynamit
55%
"Nie żebym coś podejrzewała [..] co on jakiś taki ... zadomowiony?" Tadzio Krawczyk i Karol Norek
55%
"Ale poczochraj mnie..." Ukryte kamery
55%
"Tramwaj pędzi po prostej i po rondzie. A w nim motorniczy..." "O głupim wyglądzie!" Informator
54%
"A co to, jaka to różnica? No co, że nie ma ekspresu do kawy?" Leśne zacisze
54%
"... Nadam mu imię godne syna Karola Krawczyka. Wiesz jakie? Karol..." Odmienny stan
54%
"Uwaga wszyscy! Wszyscy w budynku! Domofon już działa! Jak coś ode mnie chcecie, to nie wrzeszczcie na klatce..." Telefon do dozorcy
54%
"Szanowny Panie Prezesie, Ty chamie nieskrobany..." List do szefa
53%
"Dzień dobry Misiaczku. To ja, twój Duży Miś..." Ptak na parapecie
53%
"W Sochaczewie [...] ale w tym drugim" "W tym co go nie ma?!" Tajny szyfr
53%
"A tutaj jeszcze... Kwestionariusz osła, proszę" Azor
50%
"Tadzio - miękko ręce, Karol - miękko kolana. Panie sąsiad! Więcej pewności siebie!" Dzikość serca
50%
"Oczywiście. Jest wspaniały, jedyny. Po wypraniu w nim moich podkoszulek wszystkie zażółcenia znikają. Poza tym..." Fatum, Los, Przeznaczenie
50%
"Tadeusz?! Żartujesz! Wystarczy, że zobaczy nalewkę i już jest wstawiony..." Głowa rodziny
50%
"'Zemsta', 'Mazepa'... Strasznie kulturalnie się zrobiło" Mur czyli zemsta
50%
"Nie mogłem sobie wyobrazić jak on będzie wyglądał [...] Załóż go..." Napad
50%
"Na pewno byłeś kiedyś 'czarnym baranem', prawda?" Odpowiedź za 99.000 zł
50%
"... Chociażbym miał nie dojadać, nie pić. Dobrze! Kupię ci ten telewizor! [...] Chociażbym miał pluć krwią kupię ci ten twój cholerny telewizor!..." TV or not TV
50%
"Ile mamusia waży?" Ubezpieczenie na życie
50%
"Babciu! A daj nam batonika, babciu..." Wewnętrzne dziecko
50%
"Widocznie, jak się kładłem, to nałożyłem piżamę na [...] Chyba jednak nie byłem całkiem jak gwizdek..." Wieczór we dwoje
50%
"Hej, na całym świecie jest wiele osłów. Od osłów głupszych jest paru posłów..." Kolędnicy
46%
"To znaczy, że chociaż nic nie widzisz, to jednak widzisz?" Metoda X
46%
"... Chciałem wyjść za nim i mu przywalić [...] Miałem kłopot z wyjściem z kabiny..." Sprawa wielkiej wagi
46%
"Oddaję dla ciebie krew [...] Żeby ratować ci życie..." Wspaniały kumpel
46%
"Ten kominek coś jakiś taki zbyt wschodnioskandynawski..." Alina i Blondyna
45%
"Trzydzieści pięć procent tej sumy należy do udziałowców..." Karol Krawczyk S.A.
45%
"Ala! Coś tu do nas weszło.." Wiecznie młodzi
45%
"'Sabrina', cóż to za piękne, staropolskie imię..." Wywiadówka
45%
"Potrafi potworzyć uszkę..." Kucharz przyszłości
44%
"Ten gach na zdjęciach to jestem ja!" Sprawa dla detektywa
44%
"...Ten zdrajca. Zobacz no! Jak on jeszcze mnie śmie prosić o taką przysługę?! Już ja mu wyrżnę żyranta..." Decydujący głos
42%
"Wiesz co on wczoraj zrobił? Jak obierał warzywa, to najpierw przeprosił je za to, że musiał je pozbawić życia, a potem przepraszał je za to, że musiał je obedrzeć ze skóry..." Mister uprzejmości
42%
"Tak niezupełnie na Ursynowie. Tak niby na Woli, a na Ursynowie..." Remont
42%
"Adaś startuje jako ostatni. Zjeżdża, a potem skacze i leci, i leci, i leci..." Bardzo białe Boże Narodzenie
40%
"Oczywiście, mój panie i władco..." Odmienne stany świadomości
40%
"Oj, coś cienkim głosem dzisiaj rozmawiamy..." SMS
40%
"No naleśniki powinny płonąć? Ty w szoku jesteś chyba jeszcze!" Szczęśliwe pudełka
40%
"Mamo, przyjmij to wielkie pudło pączków" Ziarnko do ziarnka
40%
"Odchodzę [...] Nie odchodzę..." Kwartet egzotyczny
38%
"Parówa, nie ruszaj się!" W pułapce
38%
"Wygodnie siedziało się panu na moim fotelu?" Menadżer
36%
"Naiwniacy... Nowe mieszkanka?" Supermarket
36%
"Za późno. Nie ma go już wśód nas, a święty Piotr pewnie wyjął już z zawiasów bramy niebios, żeby Karol mógł się przecisnąć do Raju..." Żywe zwłoki
36%
"... Myślisz, ze Jan Spyra, wiedząc ile ty zarabiasz jako tramwajarz, pozwoli zapłacić ci jakikolwiek rachunek..." Męska duma
33%
"Przepraszam, że ja [...] nie zauważyłem [...], że jesteś w żałobie..." Miłość jest ślepa
33%
"Panie Super Sierżancie, czy zna pan człowieka, który by w swojej kieszeni zgubił aż trzy piłeczki pingpongowe?" Na ryby
33%
"Nasłonecznione kartofliska południowej Małopolski, raczej lewa strona Wisły..." Rodzina patologiczna
33%
"Przeszłam się dwa razy po podwórzu. I oba razy mijałam się z Pazurą, tym młodszym..." Ale kino!
31%
"Nie masz humoru?" "Łyknij cetoru!" Eksperyment medyczny
30%
"Oczywiście, dostanie to, co mu się należy..." Mocne plecy
30%
"Po pięciu minutach on ma sto limuzyn! A jeszcze walczy dalej..." Karolashimaru Krawczykobono
29%
"Ale panie! Sam pan se zobacz wołowinę..." "Wystarczy zrobić parę kroków!" Koh-I-Noor
29%
"No nie wiem. Tatuś to by mnie, chyba, wygnał z domu..." Nowa twarz
29%
"To jest taki wielofunkcyjny kamerdyner. Taki nowoczesny model kamerdynera..." Jedyny w swoim rodzaju
27%
"Dobra. Chodź, siadaj, relaksuj się [...] Już jesteś głodny?" Opiekunka do dziecka
27%
"Myślę, że jest fantastyczną teściową, cudowną zmorą, słodką zołzą, koszmarnym koszmarem..." Witaj mamo
25%
"A najbardziej, to lubimy wędzonkę zawijaną 'Celina'..." Obiecujący młody człowiek
23%
"Obiad masz w lodówce [...] W tej co zwykle!" Cypryjski łącznik
22%
"Szpilki i igły, igły i szpilki. My się cieszymy jak małe motylki..." Eksmisja
22%
"Normalnie, kurde, jak się budzę, to pakuję łeb do wiadra i się, normalnie, super czuję, nie? A dzisiaj się budzę, pakuję łeb do wiadra, a tam sucho..." Honor Albatrosa
20%
"Wie pan, cały ten świat to jeden wielki kanał..." Wielka szansa
20%
"Orzech z Zakopanego!" Alergia
17%
"No to sam jej powiedz, że zostałeś honorowym kwatermistrzem naszego klubu!" Duży miś
15%
"Nie ma takiej sza... Rany boskie!" Awans
14%
"Spadłem ze schodów! To się stało! Co tutaj się wyprawia?! Co nasza sypialnia robi w kuchni?!" Na nowej drodze życia
13%
"Sałata... Przydałby się kotlecik... Ale jest sałata!" Strajk
10%
Ja mam w skarpecie [...] w pończosze Danki mam zakamuflowane, zaoszczędzone sześć tysięcy czterysta trzydzieści dwa złote..." Wielki szmal
10%
"Myśmy komunizm obalili! To jest w podręcznikach zapisane! Ja nawet wtedy kontakt naprawiłem..." Dola idola
8%
"Tak jak w kanale - nigdy nie wiadomo, o co się człowiek potknie..." Bar szybkiej obsługi
0%
"Przecież mówię, że chodzę z... tą dziewczyną, yyy, od dwóch lat..." Rendez-vous w ciemno
0%
"Nasze dziewczyny, bez pieniędzy? [...] No w samolot i na ratunek!" Wielkie manewry
0%
Nie znaleziono quizów pasujących do podanych kryteriów
Rozkład punktacji
Procent ludzi z każdym wynikiem
Percentyl według liczby udzielonych odpowiedzi
Twoja historia wyników
Nie rozwiązałeś tego quizu